Dictámenes del asesor de gobierno del estado de Buenos Aires

Đã lưu trong:
Chi tiết về thư mục
Tác giả chính: Tejedor, Carlos (Tác giả)
Định dạng: Sách
Ngôn ngữ:Tiếng Tây Ban Nha
Được phát hành: Buenos Aires Instituto de Investigaciones de Historia del Derecho 1996
Những chủ đề:
Các nhãn: Thêm thẻ
Không có thẻ, Là người đầu tiên thẻ bản ghi này!

MARC

LEADER 00000nam a2200000 a 4500
001 UCG0895
003 CL-VaPUC
008 100415e19960000AG |||||||||||||||||spa|d
020 |a 9879592905 
082 0 4 |a 340.10982  |b TEJ  |2 21 
100 0 |a Tejedor, Carlos  |e author  |9 514917 
245 1 0 |a Dictámenes del asesor de gobierno del estado de Buenos Aires 
300 |a 133 p 
942 |c BK 
945 |d 20100415 00:00:00  |a rbrito 
260 |a Buenos Aires  |b Instituto de Investigaciones de Historia del Derecho  |c 1996 
650 7 |a HISTORIA DEL DERECHO ARGENTINO SIGLO 19  |2 CL-VaPUC  |9 548556 
650 0 |a Derecho argentino  |9 385298 
651 0 |a Argentina  |9 254888 
583 |a last modification  |c 20131230 06:11:40  |k Rodrigo Vera 
999 |c 340398  |d 340396 
952 |0 0  |1 0  |4 0  |6 340_109820000000000_TEJ_1996  |7 0  |8 DER_HDC  |9 435147  |a BIBDER  |b BIBDER  |d 2019-11-22  |i 4660609  |o 340.10982 TEJ 1996  |p 4660609  |r 2023-01-25  |w 2019-11-22  |x Ubicación 4to Piso  |y BK  |z Estos recursos deben solicitarse con anticipación  |k DER